000 00902nam a2200265Ia 4500
003 OSt
005 20221005113133.0
006 a|||||r|||| 00| 0
007 ta
008 221004b |||||||| |||| 00| 0 pan d
020 _a8187654884
_c150
024 _a117520
037 _b582, 06/02/2012, H.K. Prakashan
_cTextual
040 _aCRL
_cCRL
_bpan
041 _2pan
_apan
082 _aO153,3N33:g, P5
100 _aੳਪਦੇ ਕੌਰ
245 0 _aਗੁਰਦਿਆਲ ਸਿੰਘ ਇਕ ਅਧਿਐਨ
260 _aਦਿੱਲੀ
_b੍ਰਮਨਪ੍ਰੀਤ ਪ੍ਰਕਾਨ ਭਾਰਤ
_c2005
300 _a134ਪੰ
_ccm.
650 _a ਪੰਜਾਬੀ ਕਹਾਣੀ
650 _aਪੰਜਾਬੀ ਸਾਹਿਤ
942 _hO153,3N33:g, P5
_cTEXL
_2cc
999 _c1027160
_d1027160